Naruto characters by emojis - Statistics

General Stats
  • This quiz has been taken 488 times
  • The average score is 27 of 44
Answer Stats
Hint Answer % Correct
๐ŸฆŠ๐Ÿ‘ฟ๐Ÿฅ๐Ÿœ๐ŸŒ€๐Ÿ‘ฑ๐Ÿป๐Ÿ‘ฑ๐Ÿป๐Ÿ‘ฑ๐Ÿป๐Ÿ‘ฑ๐Ÿป Naruto
100%
๐ŸŒธ๐ŸŒธ๐ŸŒธ๐Ÿ‘Š๐Ÿป๐Ÿš‘ Sakura
97%
๐Ÿ‘๏ธโ€๐Ÿ—จ๏ธ๐Ÿ‘๏ธโ€๐Ÿ—จ๏ธ๐Ÿ”ฅโšก๐Ÿ’€๐Ÿชญ๐Ÿ—ก๏ธ๐Ÿงฟ๐Ÿงฟ Sasuke
95%
๐Ÿ˜ท๐Ÿ‘๏ธโ€๐Ÿ—จ๏ธโšก๐ŸŒŠโ›ฐ๏ธ๐Ÿถ๐Ÿถ๐Ÿถ Kakashi
90%
๐ŸฆŒ๐ŸŽˆ๐Ÿ‘คโ™Ÿ๏ธ๐Ÿšซ Shikamaru
77%
๐Ÿง”๐Ÿปโ€โ™‚๏ธ๐Ÿ”ช๐Ÿ”ช๐Ÿ”ฅ๐ŸŒช๏ธ๐Ÿšฌ Asuma
73%
๐Ÿฆ‹๐Ÿ–๐Ÿฅฉ๐Ÿ‘„๐Ÿ’Š๐Ÿ’Š๐Ÿ’Š Choji
73%
๐Ÿฅ‹๐Ÿ‘Š๐Ÿป๐Ÿƒโ›ฉ๏ธโ›ฉ๏ธโ›ฉ๏ธโ›ฉ๏ธโ›ฉ๏ธ Lee
73%
๐Ÿ—๐Ÿ’๐Ÿ˜๐Ÿ•น๏ธ Ino
72%
๐Ÿถ๐Ÿ‘ƒ๐Ÿผ๐Ÿฆท๐Ÿฆท๐Ÿฆท Kiba
70%
๐Ÿ•ถ๏ธ๐Ÿชณ๐Ÿชณ๐Ÿชณ๐Ÿชณ๐Ÿชณ Shino
69%
๐Ÿฅ‹๐Ÿ‘๏ธโ€๐Ÿ—จ๏ธ๐Ÿ‘๏ธโ€๐Ÿ—จ๏ธ๐Ÿ”ต Neji
68%
๐Ÿฅ‹๐Ÿ‘Š๐Ÿป๐Ÿƒโ›ฉ๏ธโ›ฉ๏ธโ›ฉ๏ธโ›ฉ๏ธโ›ฉ๏ธโ›ฉ๏ธโ›ฉ๏ธโ›ฉ๏ธ Guy
67%
๐Ÿ“œ๐Ÿ“œ๐Ÿ—ก๏ธโš”๏ธ๐Ÿ”ช๐Ÿ”ช๐Ÿ”ช Tenten
65%
๐Ÿฅ‹๐Ÿ‘๏ธโ€๐Ÿ—จ๏ธ๐Ÿ‘๏ธโ€๐Ÿ—จ๏ธ๐Ÿ˜๐Ÿฆ๐Ÿฆ Hinata
64%
๐Ÿบ๐Ÿœ๏ธ๐Ÿœ๏ธ๐Ÿœ๏ธ๐Ÿฆฆ๐Ÿ‘ฟ5๏ธโƒฃ Gaara
63%
๐Ÿ๐Ÿ๐Ÿ๐Ÿงช๐Ÿ‘จโ€๐Ÿ”ฌ๐ŸงŸโ€โ™‚๏ธ๐ŸงŸโ€โ™‚๏ธ Orochimaru
63%
5๏ธโƒฃ๐Ÿ‘Š๐Ÿป๐Ÿ‘Š๐Ÿป๐Ÿ‘Š๐Ÿป๐Ÿš‘๐ŸŒ๐Ÿท Tsunade
61%
๐Ÿชญ๐Ÿƒ๐ŸŒช๏ธ๐ŸŒช๏ธ๐ŸŒช๏ธ๐Ÿฆฆ Temari
60%
๐Ÿค“๐Ÿช–๐Ÿงช๐Ÿ๐ŸงŸโ€โ™‚๏ธ๐ŸงŸโ€โ™‚๏ธ๐ŸงŸโ€โ™‚๏ธ๐ŸงŸโ€โ™‚๏ธ๐ŸงŸโ€โ™‚๏ธ Kabuto
59%
4๏ธโƒฃ๐ŸŸก๐ŸŒ€๐Ÿ”ชโšกโšกโšก Minato
59%
1๏ธโƒฃ๐ŸŒณ๐ŸŒณ๐ŸŒณ๐Ÿชตโ›ฐ๏ธ๐ŸŒŠ Hashirama
56%
๐Ÿ‘๏ธโ€๐Ÿ—จ๏ธ๐Ÿ‘๏ธโ€๐Ÿ—จ๏ธ๐Ÿ”ฅ๐Ÿ˜ตโ€๐Ÿ’ซ๐Ÿ’€๐Ÿ—ก๏ธ๐Ÿชญ๐Ÿฆโ€โฌ› Itachi
56%
๐Ÿช†๐Ÿช†๐Ÿช†๐Ÿงต๐Ÿฆโ€โฌ›๐Ÿœ๐ŸฆŽ Kankuro
56%
๐Ÿฆˆ๐ŸŒŠ๐Ÿ—ก๏ธ๐Ÿฆท๐Ÿฆท๐Ÿฆท๐ŸŒซ๏ธ Kisame
56%
๐Ÿ‘๏ธ๐Ÿ‘๏ธ๐Ÿ˜ตโ€๐Ÿ’ซ๐ŸŒณ๐ŸŒธ๐Ÿ‘ถ๐Ÿป Kurenai
56%
2๏ธโƒฃ๐ŸŒŠ๐ŸŒŠ๐ŸŒŠ๐Ÿ“œโšก Tobirama
56%
3๏ธโƒฃ๐Ÿ’๐Ÿช„โ›ฐ๏ธ๐Ÿ‘ป Hiruzen
55%
๐Ÿช†๐Ÿ’ฅ๐Ÿ’ฃ๐Ÿงจ๐Ÿฆ๐Ÿ‘จ๐Ÿปโ€๐ŸŽจ Deidara
54%
๐Ÿช“๐Ÿฉธโœ๏ธโŒโ˜ ๏ธ Hidan
53%
๐Ÿ๐Ÿ—ก๏ธ๐Ÿ—ก๏ธโšก๐Ÿฆ‘๐Ÿ‚๐Ÿ‘ฟ๐ŸŽค๐ŸŽถ Killer B
53%
๐Ÿธ๐Ÿธ๐Ÿธ๐ŸŒ€๐Ÿ–Š๏ธ๐Ÿ“˜๐Ÿšซ Jiraiya
52%
๐Ÿช†๐Ÿช†๐Ÿช†๐Ÿฆ‚๐Ÿงฒ Sasori
52%
โšชโšซ๐ŸŒณ๐ŸŒฑ Zetsu
49%
๐Ÿ˜‡๐Ÿงป๐Ÿ“œ๐Ÿฆ‹ Konan
48%
๐Ÿ‘๏ธโ€๐Ÿ—จ๏ธ๐Ÿงฟ๐ŸŽญ๐ŸŒ€๐Ÿ”ฅ๐Ÿชญ Tobi/Obito
48%
๐Ÿ‘ต๐Ÿป๐Ÿ‘จโ€๐Ÿ‘ฉโ€๐Ÿ‘ฆ๐Ÿช†๐Ÿช†๐Ÿช†๐Ÿช†๐Ÿช†๐Ÿช†๐Ÿช†๐Ÿช†๐Ÿช†๐Ÿช†๐Ÿช† Chiyo
47%
๐Ÿงฟ๐Ÿงฟ๐ŸงŸโ€โ™‚๏ธ๐ŸงŸโ€โ™‚๏ธ๐ŸงŸโ€โ™‚๏ธ๐ŸงŸโ€โ™‚๏ธ๐ŸงŸโ€โ™‚๏ธ๐ŸงŸโ€โ™‚๏ธ Pain/Nagato
47%
๐ŸงŠโ„๏ธ๐Ÿชก๐Ÿชก๐Ÿชก๐Ÿชž Haku
45%
๐ŸŽญโค๏ธโค๏ธโค๏ธโค๏ธโค๏ธ๐Ÿ”ฅ๐ŸŒช๏ธโ›ฐ๏ธโšก Kakuzu
45%
๐Ÿ‘๏ธโ€๐Ÿ—จ๏ธ๐Ÿ‘๏ธโ€๐Ÿ—จ๏ธ๐Ÿงฟ๐Ÿงฟ๐Ÿ”ฅ๐Ÿ’€๐Ÿชญ๐ŸŒณ๐Ÿชต Madara
44%
๐Ÿ˜ท๐ŸŒŠ๐Ÿ—ก๏ธ๐ŸŒซ๏ธ๐Ÿฉธ Zabuza
43%
๐Ÿงฟ๐Ÿงฟ๐Ÿงฟ๐ŸŒ™๐Ÿฐ๐ŸŒณ๐ŸŽ Kaguya
40%
๐Ÿฆด๐Ÿฆด๐Ÿฆดโ˜ ๏ธ๐Ÿงช๐Ÿคฎ Kimimaro
38%
No matching quizzes found
Score Distribution
Percent of People with Each Score
Percentile by Number Answered
Your Score History
You have not taken this quiz